Bilecik Bilecik Bilecik Bilecik Bilecik

Herman Melville'nin romanlarında sanat anlayışı/ (Record no. 16598)

MARC details
000 -BAŞLIK
Sabit Uzunluktaki Kontrol Alanı 00991nam a22003137a 4500
001 - KONTROL NUMARASI
Control Dosyası 0016637
003 - KONTROL NUMARASI KİMLİĞİ
Kontrol Alanı KOHA_MİRAKIL
005 - EN SON İŞLEM TARİHİ ve ZAMANI
Kontrol Alanı 20260207002111.0
007 - FİZİKSEL TANIM SABİT ALAN - GENEL BİLGİ
Sabit uzunluklu kontrol alanı ta
008 - SABİT UZUNLUKTAKİ VERİ ÖGELERİ - GENEL BİLGİ
Sabit Alan 100420b1991 tu |||gr||||#||||1|tur |
020 ## - ISBN - ULUSLARARASI STANDART KİTAP NUMARASI
Isbn 975483
Nitelik bilgileri 0819
040 ## - KATALOGLAMA KAYNAĞI
Özgün Kataloglama Kurumu TR-BiSEU
Kataloglama Dili tur
Çeviri Kurumu TR-BiSEU
Açıklama Kuralları rda
041 0# - DİL KODU
Metin ya da ses kaydının dil kodu tur
044 ## - YAYINLAYAN/ÜRETEN KURULUŞUN ÜLKE KODU
ISO country code tu
050 ## - SINIFLAMA ve YER NUMARASI
Sınıflama Numarası PS2387
Yer Numarası .E73 1991
100 1# - KİŞİ ADI
Yazar Adı (Kişi adı) Erdim, Esim.
245 1# - ESER ADI BİLDİRİMİ
Başlık Herman Melville'nin romanlarında sanat anlayışı/
Sorumluluk Bildirimi Esim Erdim ; Esim Erdim.
264 #1 - ÜRERİM, YAYIN, DAĞITIM ve TELİF BİLDİRİMİ
Yayın yeri İzmir :
Yayınlayan Ege Üniversitesi
Yayın tarihi 1991
300 ## - FİZİKSEL TANIMLAMA
Sayfa, Cilt vb. 200 sayfa; 24 cm.
336 ## - İÇERİK TÜRÜ
Content type term metin
Content type code txt
Source rdacontent
337 ## - MEDYA TÜRÜ
Media type term aracısız
Media type code n
Source rdamedia
338 ## - TAŞIYICI TÜRÜ
Carrier type term cilt
Carrier type code nc
Source rdacarrier
490 1# - DİZİ BİLDİRİMİ
Dizi Bildirimi Ege Üniversitesi Edebiyat Fakültesi yayınları ;
Cilt Numarası 61.
500 ## - GENEL NOT
Genel Not Kaynakça ve dizin var.
650 #0 - KONU BAŞLIĞI EK GİRİŞ - KONU TERİMİ
Konusal terim veya coğrafi ad Amerikan edebiyatı.
9 (RLIN) 31337
650 #0 - KONU BAŞLIĞI EK GİRİŞ - KONU TERİMİ
Konusal terim veya coğrafi ad American literature--fiction.
9 (RLIN) 36583
830 1# - SERİ EK GİRİŞİ - TEKBİÇİM ESER ADI
Tekbiçim Başlık Ege Üniversitesi Edebiyat Fakültesi yayınları ;
Volume number/sequential designation 61.
9 (RLIN) 27495
942 ## - EK GİRİŞ ÖGELERİ (KOHA)
Source of classification or shelving scheme Library of Congress Classification
Koha item type Book
Holdings
Materyal Türü Kalıcı Konum Mevcut Konum Raf Yeri Sınıflandırma Kaynağı Edinim Bilgisi Ana Konular Alt Konular Yer Numarası Demirbaş Numarası Fatura Tarihi Geri Çekilme Durumu Kayıp Durumu Hasarlı Durumu Kredi için değil Kayıt Tarih Toplam Ödünçverme Son Görülme Tarihi Son Kontrol Tarihi Genel / Bağış Notu
Book Prof. Dr. Azmi Özcan Kütüphanesi Prof. Dr. Azmi Özcan Kütüphanesi Birûni Salonu Library of Congress Classification Bağış DİL VE EDEBİYAT Amerikan Edebiyatı PS2387 .E73 1991 0016637 13/08/2010         20/04/2010   05/12/2024 05/12/2024 Genel Bağış